000
00235nam a2200097Ia 4500
001
693025
005
20250826161906.0
008
250824s9999 xx 000 0 und d
245
0
_a
YOLDA/B.UZUNER/EVEREST
_c
BUKET UZUNER
260
_b
EVEREST
999
_c
693025
_d
693025